Organizovaný zločin stále šarapatí
Štatistický pohľad na vývoj kriminality v uplynulom roku je vcelku uspokojivý. Výsledky hodnotenia štruktúry trestnej činnosti. Základné príčiny kriminality - nezamestnanosť a jej dôsledky. Problematický organizovaný zločin a jeho štatistické vyčíslenie. Prognóza o vývoji kriminality do roku 2020.
Gespeichert in:
| 1. Verfasser: | |
|---|---|
| Format: | Buchkapitel |
| Sprache: | Slowakisch |
| Schlagworte: | |
| Tags: |
Keine Tags, Fügen Sie das erste Tag hinzu!
|
MARC
| LEADER | 00000naa$a2200000$$$4500 | ||
|---|---|---|---|
| 001 | 0111861 | ||
| 005 | 20231016090213.8 | ||
| 041 | 0 | |a slo | |
| 044 | |a SK | ||
| 245 | 1 | 0 | |a Organizovaný zločin stále šarapatí |c Peter Ondera |
| 520 | |a Štatistický pohľad na vývoj kriminality v uplynulom roku je vcelku uspokojivý. Výsledky hodnotenia štruktúry trestnej činnosti. Základné príčiny kriminality - nezamestnanosť a jej dôsledky. Problematický organizovaný zločin a jeho štatistické vyčíslenie. Prognóza o vývoji kriminality do roku 2020. | ||
| 610 | 2 | 0 | |a kriminalita |
| 610 | 2 | 0 | |a činnosť trestná |
| 610 | 2 | 0 | |a štatistika |
| 610 | 2 | 0 | |a nezamestnanosť |
| 610 | 2 | 0 | |a prognózy |
| 610 | 2 | 0 | |a Slovensko |
| 100 | 1 | |a Ondera, Peter | |